| 000 | 00969nam a2200289 a 4500 | ||
|---|---|---|---|
| 005 | 20200104041518.0 | ||
| 008 | 140226t1995 -usab fr|||| 000 0 eng d | ||
| 020 | _a1887531238 | ||
| 040 |
_aCO-BoIAVH _cCO-BoIAVH |
||
| 041 | 0 | _aeng | |
| 044 | _axxu | ||
| 082 | 0 | 4 |
_a333.9516 _bJ66b |
| 100 | 1 | _aJohnson, Nels C. | |
| 245 | 1 | 0 |
_aBiodiversity in the balance : _bapproaches to setting geographic conservation priorities |
| 260 |
_aWashington : _bWWF International , _cc1995. |
||
| 300 |
_a116 páginas : _bIlustraciones, mapas ; _c28 x 22 cm. |
||
| 504 | _aIncluye referencias bibliográficas: páginas 109-115. | ||
| 650 | 1 | 6 | _aBiodiversidad |
| 650 | 2 | 6 | _aPrioridades de conservación |
| 650 | 2 | 6 | _aRecursos genéticos |
| 650 | 2 | 6 | _aEcosistemas |
| 650 | 2 | 6 | _aPuntos Calientes |
| 650 | 2 | 6 | _aPaises megadiversos |
| 650 | 2 | 6 | _aCentros de endemismo |
| 650 | 2 | 6 | _aÁreas protegidas |
| 942 |
_cLIBRO _2ddc |
||
| 999 |
_c1141 _d1141 |
||